Statistics for U.S. City Anagrams

Click here to take the quiz!

General Stats

  • This quiz has been taken 16 times
  • The average score is 10 of 21

Answer Stats

AnagramCity% Correct
Ale testSeattle
92%
Santa onionSan Antonio
85%
Corsican fansSan Francisco
85%
Tongan wishWashington
85%
Hip oxenPhoenix
77%
Inlaid pianosIndianapolis
69%
Mail pensionMinneapolis
54%
Gyro momentMontgomery
54%
Nacho rageAnchorage
46%
Mobile ratBaltimore
46%
Eel slogansLos Angeles
46%
Tight burpsPittsburgh
38%
Divorce penProvidence
38%
Silky lactateSalt Lake City
31%
Oregano tubBaton Rouge
23%
Nose dimesDes Moines
23%
Krill octetLittle Rock
23%
Unlit oasisSaint Louis
23%
Sloth craneCharleston
15%
Angry beeGreen Bay
15%
Tesla minnowsWinston-Salem
15%

Score Distribution

Percentile by Number Answered

Percent of People with Each Score

Your Score History

You have not taken this quiz